000 00488nam a2200181Ia 4500
001 1528
005 20260306143735.0
008 260306t2011||||xx |||||||||||||| ||spa||
041 _aESP
082 _a150.724
_bP645
110 _aUniversidad de Buenos Aires
245 0 _aCatálogo del museo de la psicología experimental en Argentina "Dr. Horacio G. Piñero"
260 _c2011
300 _a130 páginas :
_c21 cm.
650 _aGEN
654 _aCPS
942 _cLIB
_dJUS
_fJUS
_2ddc
_n
999 _c1528
_d1528